000 00618nam a22002057a 4500
999 _c12470
_d12470
003 AR-CdUCM
008 190409b ||||| |||| 00| 0 spa d
040 _aMUNICIPALIDAD PROVINCIAL DEL CUSCO
_cBIBLIOTECA MUNICIPAL DEL CUSCO
082 _aC / 869.56 /
_bF61
100 _aFlores P., Waldy
_930325
245 _aEcos internos /
260 _aSicuani :
_bAgrupación Cultural "Luis Nieto",
_c1970.
300 _a25 pƔginas ;
_c16 cm.
505 _aContenido: Poemas.
650 _aLiteratura Peruana
_9132
650 _aSiglo XX
_98
650 _aPoemas
_9929
942 _2ddc
_cLIBROS
945 _aachl
_d2019-04-09